000 00453nam a2200169Ia 4500
001 30628
003 IN-NITTTR
005 20251114233413.0
008 251113s9999||||xx |||||||||||||| ||eng||
040 _beng
040 _cIN-NITTTR
041 _aeng
082 _a621.395 S64O
100 _aSingh. Hitlendra Pratap,
245 0 _aOn-chip VLSI interconnect crosstalk minimization using modified encoder /
_cSingh. Hitlendra Pratap
942 _2ddc
_cBK
999 _c33258
_d33258